000
00250nam a2200109Ia 4500
008
190216s9999||||xx |||||||||||||| ||und||
100
_a
O N V Kurup
245
0
_a
Ganamela
260
_b
"Modern Book, Kollam"
_c
1978
650
_a
Kavithkal
942
_c
BK
999
_c
24223
_d
24223